000 00723nam a22002057a 4500
003 NUST
005 20250904122052.0
008 170602b xxu||||| |||| 00| 0 eng d
020 _a8177585916
040 _aDLC
_bDLC
_cNBC
050 _a658.40 BAN
082 _a658.40 BAN
100 _aBANKS JERRY
_91928
245 _aDISCRETE-EVENT SYSTEM SIMULATION
260 _aINDIA
_bPEARSON
_cc2007
300 _a528
538 _iShelf # 11, Row # 1, Mechanical & Aerospace. (438) Shelf # 11, Row # 2, Mechanical & Aerospace. Shelf # 11, Row # 3, Mechanical & Aerospace. Shelf # 11, Row # 6, Mechanical & Aerospace. (002112)
856 _3Table of Contents Only.
942 _cBK
_2ddc
_h658.40 BAN
999 _c23231
_d23231